Atlantis found /

Bibliographic Details
Main Author: Cussler, Clive
Format: Book
Language:English
Published: New York : G.P. Putnam's Sons, [1999]
Subjects:

MARC

Tag First Indicator Second Indicator Subfields
LEADER 00000pam a2200000 a 4500
001 in00001532016
005 20151022050607.0
008 000404s1999 nyuab 000 1 eng
010 |a  99039883  
020 |a 0399145885 (alk. paper) 
035 |a (OCoLC)41967119 
040 |a DLC  |c DLC  |d UtOrBLW 
049 |a TXAM 
050 0 0 |a PS3553.U75  |b A94 1999 
082 0 0 |a 813/.54  |2 21 
100 1 |a Cussler, Clive. 
245 1 0 |a Atlantis found /  |c by Clive Cussler. 
264 1 |a New York :  |b G.P. Putnam's Sons,  |c [1999] 
264 4 |c ©1999 
300 |a 534 pages :  |b illustrations, maps ;  |c 24 cm. 
336 |a text  |b txt  |2 rdacontent 
337 |a unmediated  |b n  |2 rdamedia 
338 |a volume  |b nc  |2 rdacarrier 
650 0 |a Pitt, Dirk (Fictitious character)  |v Fiction. 
650 0 |a Atlantis (Legendary place)  |v Fiction. 
650 0 |a Geographical myths  |v Fiction. 
650 0 |a Lost continents  |v Fiction. 
655 7 |a Adventure fiction.  |2 gsafd 
994 |a E0  |b TXA 
999 |a MARS 
999 f f |s 6eb299ef-b5ba-3b9a-94c2-a7df4f7cb38f  |i f522574f-3130-3a57-8b9e-f0730c5cdfea  |t 0 
952 f f |p ric  |a Texas A&M University  |b Rellis Campus  |c Joint Library Facility  |d Remote Storage  |t 0  |e PS3553.U75 A94 1999  |h Library of Congress classification  |i unmediated -- volume  |m A14826313012 
952 f f |p normal  |a Texas A&M University  |b College Station  |c Sterling C. Evans Library  |d Evans: Library Stacks  |t 0  |e PS3553.U75 A94 1999  |h Library of Congress classification  |i unmediated -- volume  |m A14826313428 
998 f f |a PS3553.U75 A94 1999  |t 0  |l Remote Storage 
998 f f |a PS3553.U75 A94 1999  |t 0  |l Evans: Library Stacks